Alice in Chains - Jar of Flies Songs - Statistics

General Stats
  • This quiz has been taken 34 times
  • The average score is 6 of 7
Answer Stats
Length Song % Correct
4:19 Nutshell
97%
6:58 Rotten Apple
97%
4:14 I Stay Away
87%
4:15 No Excuses
80%
2:37 Whale & Wasp
77%
4:22 Don't Follow
70%
4:04 Swing on This
47%
No matching quizzes found
Score Distribution
Percent of People with Each Score
Percentile by Number Answered
Your Score History
You have not taken this quiz